[Event "Olympiad Women-37"]
[Site "Turin"]
[Date "2006.05.30"]
[Round "9"]
[White "Harika, Dronavalli"]
[Black "Zigangirova, Sofya"]
[Result "1-0"]
[WhiteElo "2358"]
[BlackElo "2314"]
[PlyCount "123"]
[EventDate "2006.05.21"]
[EventType "team-swiss"]
[EventRounds "13"]
[EventCountry "ITA"]
[SourceTitle "CBM 112 Extra"]
[Source "ChessBase"]
[SourceDate "2006.07.14"]
[SourceVersion "1"]
[SourceVersionDate "2006.07.14"]
[SourceQuality "1"]
[WhiteTeam "India (W)"]
[BlackTeam "Kazakhstan (W)"]
[WhiteTeamCountry "IND"]
[BlackTeamCountry "KAZ"]

1. Nf3 c5 2. c4 g6 3. d4 cxd4 4. Nxd4 Bg7 5. e4 Nc6 6. Nc2 Nh6 7. Be2 d6 8. 0-0 0-0 9. Nc3 f6 10. Be3 Nf7 11. Qd2 e6 12. Rfd1 Qe7 13. Rac1 Rd8 14. b3 b6 15. f4 f5 16. Bf3 Bb7 17. exf5 gxf5 18. Re1 Qf6 19. Nb5 Rd7 20. Ncd4 Ncd8 21. Rcd1 e5 22. Bxb7 Nxb7 23. Nf3 e4 24. Bd4 Qh6 25. Bxg7 Qxg7 26. Nfd4 Nh6 27. Re3 Kh8 28. Rg3 Qf6 29. Nc3 Rg8 30. Nd5 Qf7 31. Rh3 Rg6 32. Re1 Nc5 33. Ree3 Ne6 34. Reg3 Ng4 35. Nxe6 Qxe6 36. Qd4+ Kg8 37. Rh5 Rdg7 38. h3 Nf6 39. Rxg6 Rxg6 40. Rxf5 Nd7 41. Ne3 Rg3 42. Kf2 Rg6 43. Qd5 Qxd5 44. Rxd5 Rf6 45. g3 Ne5 46. Ke2 Nd3 47. Rd4 Rh6 48. Rxe4 Nc1+ 49. Kd2 Nxa2 50. h4 Rg6 51. g4 Nb4 52. f5 Rf6 53. Re8+ Rf8 54. Re6 Rd8 55. Nd5 Nc6 56. Kc3 Ne5 57. g5 Nf3 58. Nf6+ Kf7 59. Nxh7 Nxh4 60. g6+ Kg8 61. Re7 Rf8 62. Nxf8 1-0

[Event "Olympiad Women-37"]
[Site "Turin"]
[Date "2006.05.27"]
[Round "6"]
[White "Voiska, Margarita"]
[Black "Zigangirova, Sofya"]
[Result "1/2-1/2"]
[WhiteElo "2314"]
[BlackElo "2314"]
[PlyCount "32"]
[EventDate "2006.05.21"]
[EventType "team-swiss"]
[EventRounds "13"]
[EventCountry "ITA"]
[SourceTitle "CBM 112 Extra"]
[Source "ChessBase"]
[SourceDate "2006.07.14"]
[SourceVersion "1"]
[SourceVersionDate "2006.07.14"]
[SourceQuality "1"]
[WhiteTeam "Bulgaria (W)"]
[BlackTeam "Kazakhstan (W)"]
[WhiteTeamCountry "BUL"]
[BlackTeamCountry "KAZ"]

1. Nf3 c5 2. c4 g6 3. d4 cxd4 4. Nxd4 Bg7 5. Nc3 Nf6 6. g3 0-0 7. Bg2 Qc7 8. Bf4 Qxc4 9. Rc1 Qb4 10. Ndb5 Nc6 11. a3 Qa5 12. b4 Qd8 13. Bc7 Qe8 14. Bf4 Qd8 15. Bc7 Qe8 16. Bf4 Qd8 1/2-1/2

[Event "Olympiad Women-37"]
[Site "Turin"]
[Date "2006.05.23"]
[Round "3"]
[White "Zigangirova, Sofya"]
[Black "Umudova, Nargiz"]
[Result "0-1"]
[WhiteElo "2314"]
[BlackElo "2176"]
[PlyCount "52"]
[EventDate "2006.05.21"]
[EventType "team-swiss"]
[EventRounds "13"]
[EventCountry "ITA"]
[SourceTitle "CBM 112 Extra"]
[Source "ChessBase"]
[SourceDate "2006.07.14"]
[SourceVersion "1"]
[SourceVersionDate "2006.07.14"]
[SourceQuality "1"]
[WhiteTeam "Kazakhstan (W)"]
[BlackTeam "Azerbaijan (W)"]
[WhiteTeamCountry "KAZ"]
[BlackTeamCountry "AZE"]

1. e4 c5 2. Nf3 Nc6 3. Nc3 Nf6 4. e5 Ng4 5. Qe2 Qc7 6. Nd5 Qb8 7. d4 cxd4 8. Bf4 e6 9. h3 Nb4 10. hxg4 Nxd5 11. Bd2 d6 12. exd6 Qxd6 13. Nxd4 Bd7 14. 0-0-0 Qb6 15. c3 0-0-0 16. Nf3 f6 17. g5 e5 18. gxf6 gxf6 19. g3 Bc5 20. Bh6 Nxc3 21. bxc3 Ba3+ 22. Kd2 Ba4+ 23. Nd4 Bxd1 24. Bh3+ Kb8 25. Qxd1 exd4 26. c4 Qb4+ 0-1

[Event "Petrovskaya Ladya"]
[Site "Peterhof"]
[Date "2006.01.09"]
[Round "8"]
[White "Zigangirova, Sofya"]
[Black "Itkis, Boris"]
[Result "1/2-1/2"]
[WhiteElo "2327"]
[BlackElo "2474"]
[PlyCount "125"]
[EventDate "2006.01.03"]
[EventType "tourn"]
[EventRounds "11"]
[EventCountry "RUS"]
[EventCategory "3"]
[SourceTitle "CBM 110 Extra"]
[Source "ChessBase"]
[SourceDate "2006.03.10"]
[SourceVersion "2"]
[SourceVersionDate "2006.03.10"]
[SourceQuality "1"]

1. e4 c5 2. Nf3 e6 3. d4 cxd4 4. Nxd4 a6 5. Bd3 Nf6 6. 0-0 d6 7. c4 Be7 8. Nc3 Qc7 9. Be3 Nbd7 10. Rc1 0-0 11. f3 b6 12. Qd2 Bb7 13. Rc2 Rac8 14. Rb1 Qb8 15. Bf1 Rfe8 16. b4 Bd8 17. Kh1 Bc7 18. Bg1 h5 19. a4 Qa8 20. a5 bxa5 21. b5 h4 22. bxa6 Bxa6 23. Ndb5 Bb8 24. Ra2 Qc6 25. Rxa5 Bxb5 26. Raxb5 Ne5 27. R1b4 h3 28. Bd4 Bc7 29. Qg5 Ra8 30. Rb1 hxg2+ 31. Qxg2 Nh5 32. c5 Nf4 33. Qg5 Neg6 34. Be3 Ra3 35. R5b3 Rxb3 36. Rxb3 dxc5 37. Bb5 Qb7 38. Ba4 Qa6 39. Bb5 Qa1+ 40. Qg1 Ra8 41. Bxc5 Nh3 42. Qxa1 Rxa1+ 43. Rb1 Rxb1+ 44. Nxb1 Nh4 45. Bf1 Ng5 46. Nd2 Nhxf3 47. Nxf3 Nxf3 48. h3 Kh7 49. Kg2 Nh4+ 50. Kf2 Be5 51. Bb5 g5 52. Be8 Kg7 53. Be3 Kf6 54. Bb5 Ng6 55. Be2 Bf4 56. Bd4+ Ke7 57. Bh5 Nf8 58. Bc5+ Bd6 59. Bxd6+ Kxd6 60. Bxf7 Kd7 61. Bg8 Ke8 62. Ke3 Ng6 63. Kf3 1/2-1/2

[Event "Petrovskaya Ladya"]
[Site "Peterhof"]
[Date "2006.01.03"]
[Round "1"]
[White "Pogosian, Vladimir"]
[Black "Zigangirova, Sofya"]
[Result "0-1"]
[WhiteElo "2187"]
[BlackElo "2327"]
[PlyCount "52"]
[EventDate "2006.01.03"]
[EventType "tourn"]
[EventRounds "11"]
[EventCountry "RUS"]
[EventCategory "3"]
[SourceTitle "CBM 110 Extra"]
[Source "ChessBase"]
[SourceDate "2006.03.10"]
[SourceVersion "2"]
[SourceVersionDate "2006.03.10"]
[SourceQuality "1"]

1. f4 c5 2. Nf3 g6 3. e4 Bg7 4. Nc3 d6 5. Bc4 Nf6 6. 0-0 0-0 7. e5 dxe5 8. fxe5 Ng4 9. d4 cxd4 10. Ne4 Nc6 11. e6 f5 12. Neg5 Na5 13. Bd3 h6 14. h3 Ne3 15. Qe1 hxg5 16. Nxg5 Rf6 17. Qh4 Bxe6 18. Bxe3 dxe3 19. g4 Qd4 20. Qh7+ Kf8 21. Nxe6+ Rxe6 22. gxf5 e2+ 23. Kg2 exf1Q+ 24. Rxf1 Rf6 25. b4 Nc4 26. Rf3 Ne5 0-1

[Event "RUS-chT Clubs"]
[Site "Sochi"]
[Date "2005.04.20"]
[Round "5"]
[White "Solovjov, Sergey"]
[Black "Zigangirova, Sofya"]
[Result "1-0"]
[WhiteElo "2473"]
[BlackElo "2312"]
[PlyCount "73"]
[EventDate "2005.04.19"]
[EventType "team"]
[EventRounds "9"]
[EventCountry "RUS"]
[SourceTitle "EXT 2006"]
[Source "ChessBase"]
[SourceDate "2005.11.24"]
[SourceVersion "1"]
[SourceVersionDate "2005.11.24"]
[SourceQuality "1"]

1. e4 c5 2. Nf3 Nc6 3. d4 cxd4 4. Nxd4 g6 5. Nc3 Bg7 6. Be3 Nf6 7. Bc4 0-0 8. Bb3 e6 9. Nxc6 bxc6 10. Bc5 Re8 11. Bd6 Ba6 12. Qf3 Qa5 13. 0-0-0 Rec8 14. Be7 Qg5+ 15. Kb1 d5 16. Rhe1 Re8 17. Bd6 Nd7 18. h4 Qxh4 19. Rh1 Qf6 20. Qh3 h6 21. f4 dxe4 22. g4 Bb5 23. a4 Ba6 24. g5 Qf5 25. gxh6 Qxh3 26. Rxh3 Bxc3 27. h7+ Kg7 28. Rxc3 Rec8 29. Bb4 Nf6 30. Rd6 Nd5 31. Bxd5 exd5 32. Bc5 Be2 33. Rd7 Kf6 34. Rxa7 Ke6 35. Rg3 Bh5 36. Rg5 f6 37. h8Q 1-0

[Event "Asia-ch (Women)"]
[Site "Beirut"]
[Date "2004.12.11"]
[Round "9"]
[White "Zigangirova, Sofya"]
[Black "Shen, Yang"]
[Result "1-0"]
[WhiteElo "2330"]
[BlackElo "2260"]
[PlyCount "129"]
[EventDate "2004.12.03"]
[EventType "swiss"]
[EventRounds "9"]
[EventCountry "LBN"]
[SourceTitle "CBM 103 Extra"]
[Source "ChessBase"]
[SourceDate "2005.01.01"]
[SourceVersion "1"]
[SourceVersionDate "2005.01.01"]
[SourceQuality "1"]

1. e4 e5 2. Nf3 Nc6 3. Bb5 a6 4. Ba4 Nf6 5. 0-0 b5 6. Bb3 Be7 7. Re1 d6 8. c3 0-0 9. h3 Na5 10. Bc2 c5 11. d4 Qc7 12. Nbd2 cxd4 13. cxd4 Bb7 14. d5 Rac8 15. Bd3 Nd7 16. Nf1 f5 17. exf5 Bxd5 18. Nd4 Nc5 19. Ne6 Bxe6 20. fxe6 Nxd3 21. Qxd3 Qc4 22. Qa3 Nc6 23. Ne3 Qxe6 24. Qxa6 Bh4 25. Rf1 Nd4 26. Bd2 Rf3 27. Ng4 h5 28. Nh2 Ne2+ 29. Kh1 Rxf2 30. Rxf2 Bxf2 31. Nf1 Rb8 32. a4 Qd5 33. axb5 Rxb5 34. Qc8+ Kh7 35. Qf5+ Kg8 36. Qxf2 Nd4 37. Ne3 Qe4 38. Rf1 Qg6 39. Bc3 Kh7 40. Nc4 Rc5 41. Ne3 Rb5 42. Bxd4 exd4 43. Nd1 Qd3 44. Qf3 Qc2 45. Rf2 Qg6 46. Rd2 Rb4 47. Qd3 Qxd3 48. Rxd3 Kg6 49. Kg1 Kf5 50. Kf2 Ke4 51. Rg3 g5 52. Ke2 Kf5 53. Ra3 d5 54. Ra8 Rb3 55. Re8 Kf4 56. Rf8+ Ke5 57. Rf3 Rb4 58. Kd2 Rb6 59. g4 hxg4 60. hxg4 Rh6 61. Rf5+ Kd6 62. Rxg5 Rh2+ 63. Kd3 Rh1 64. Nf2 Rh2 65. Rf5 1-0

[Event "Asia-ch (Women)"]
[Site "Beirut"]
[Date "2004.12.07"]
[Round "5"]
[White "Navabi, Shirin"]
[Black "Zigangirova, Sofya"]
[Result "1/2-1/2"]
[WhiteElo "2107"]
[BlackElo "2330"]
[PlyCount "49"]
[EventDate "2004.12.03"]
[EventType "swiss"]
[EventRounds "9"]
[EventCountry "LBN"]
[SourceTitle "CBM 103 Extra"]
[Source "ChessBase"]
[SourceDate "2005.01.01"]
[SourceVersion "1"]
[SourceVersionDate "2005.01.01"]
[SourceQuality "1"]

1. c4 c5 2. Nf3 g6 3. d4 cxd4 4. Nxd4 Bg7 5. e4 Nc6 6. Be3 Nf6 7. Nc3 d6 8. Be2 0-0 9. 0-0 Bd7 10. Nxc6 Bxc6 11. f3 Nd7 12. Qd2 a5 13. Rfd1 Nc5 14. Rac1 Qb6 15. Rb1 Rfc8 16. Bf1 h5 17. Nd5 Bxd5 18. cxd5 Qb4 19. Bd4 Bxd4+ 20. Qxd4 Qxd4+ 21. Rxd4 Nd7 22. Rc4 Rxc4 23. Bxc4 Rc8 24. Bb5 Nb6 25. Bd3 1/2-1/2

[Event "Olympiad Women-36"]
[Site "Mallorca"]
[Date "2004.10.26"]
[Round "11.2"]
[White "Calle Soto, Miryam"]
[Black "Zigangirova, Sofya"]
[Result "0-1"]
[WhiteElo "2111"]
[BlackElo "2330"]
[PlyCount "82"]
[EventDate "2004.10.15"]
[EventType "team-swiss"]
[EventRounds "14"]
[EventCountry "ESP"]
[SourceTitle "CBM 102 Extra"]
[Source "ChessBase"]
[SourceDate "2004.11.03"]
[SourceVersion "1"]
[SourceVersionDate "2004.11.03"]
[SourceQuality "1"]
[WhiteTeam "Peru (W)"]
[BlackTeam "Kazakhstan (W)"]
[WhiteTeamCountry "PER"]
[BlackTeamCountry "KAZ"]

1. e4 c5 2. Nf3 e6 3. d3 Nc6 4. g3 g6 5. Bg2 Bg7 6. 0-0 Nge7 7. Nbd2 0-0 8. h4 h6 9. Re1 d6 10. Nf1 e5 11. Be3 f5 12. Qd2 Kh7 13. c3 Rb8 14. Rac1 Qe8 15. exf5 Nxf5 16. b4 b6 17. d4 Nxe3 18. Rxe3 Qf7 19. dxc5 d5 20. cxb6 Rxb6 21. a3 e4 22. Nd4 Ne5 23. Qa2 Ng4 24. Re2 Ba6 25. Rce1 Bxe2 26. Rxe2 Bxd4 27. cxd4 Rf6 28. Ne3 Nxe3 29. fxe3 Rc8 30. Rc2 Rxc2 31. Qxc2 Qd7 32. Qc5 Rc6 33. Qf8 Rc8 34. Qf4 Qf5 35. Qd6 Rf8 36. Kh2 Rf7 37. Qc5 Qd7 38. b5 Rf2 39. a4 Re2 40. Qc3 h5 41. Qc1 Qf7 0-1

[Event "Olympiad Women-36"]
[Site "Mallorca"]
[Date "2004.10.22"]
[Round "7.3"]
[White "Popova, Natalija"]
[Black "Zigangirova, Sofya"]
[Result "1/2-1/2"]
[WhiteElo "2246"]
[BlackElo "2330"]
[PlyCount "85"]
[EventDate "2004.10.15"]
[EventType "team-swiss"]
[EventRounds "14"]
[EventCountry "ESP"]
[SourceTitle "CBM 102 Extra"]
[Source "ChessBase"]
[SourceDate "2004.11.03"]
[SourceVersion "1"]
[SourceVersionDate "2004.11.03"]
[SourceQuality "1"]
[WhiteTeam "Belarus (W)"]
[BlackTeam "Kazakhstan (W)"]
[WhiteTeamCountry "BLR"]
[BlackTeamCountry "KAZ"]

1. e4 c5 2. Nf3 Nc6 3. d4 cxd4 4. Nxd4 g6 5. Nc3 Bg7 6. Be3 Nf6 7. Bc4 0-0 8. 0-0 Ng4 9. Qxg4 Nxd4 10. Qd1 Nc6 11. Qd2 Ne5 12. Bb3 Ng4 13. Bd4 Bh6 14. Qe2 d6 15. h3 Ne5 16. Nd5 e6 17. Ne3 b6 18. Rad1 Qh4 19. Bxe5 dxe5 20. Nc4 Ba6 21. Rd7 Bb5 22. Rd6 Qe7 23. Rfd1 Rac8 24. a4 Ba6 25. Ba2 Qc7 26. b3 Bxc4 27. Qxc4 Qxc4 28. bxc4 Bg5 29. Rd7 Rfd8 30. Kf1 a5 31. R1d3 Rxd7 32. Rxd7 Rd8 33. Rxd8+ Bxd8 34. c5 bxc5 35. Ke2 Kf8 36. Kd3 Ke7 37. Kc4 Kd6 38. Kb5 f5 39. f3 f4 40. Bb3 h6 41. Ba2 Bc7 42. Bb3 Bd8 43. Ba2 1/2-1/2

[Event "Olympiad Women-36"]
[Site "Mallorca"]
[Date "2004.10.15"]
[Round "1.2"]
[White "Jose Polanco, Kenia"]
[Black "Zigangirova, Sofya"]
[Result "0-1"]
[WhiteElo "2003"]
[BlackElo "2330"]
[PlyCount "56"]
[EventDate "2004.10.15"]
[EventType "team-swiss"]
[EventRounds "14"]
[EventCountry "ESP"]
[SourceTitle "CBM 102 Extra"]
[Source "ChessBase"]
[SourceDate "2004.11.03"]
[SourceVersion "1"]
[SourceVersionDate "2004.11.03"]
[SourceQuality "1"]
[WhiteTeam "Dominican Rep (W)"]
[BlackTeam "Kazakhstan (W)"]
[WhiteTeamCountry "DOM"]
[BlackTeamCountry "KAZ"]

1. e4 c5 2. Nf3 e6 3. d4 cxd4 4. Nxd4 Nc6 5. Nc3 Qc7 6. Ndb5 Qb8 7. Nd4 Nf6 8. a3 Nxe4 9. Nxc6 Nxc3 10. Qxd7+ Bxd7 11. Nxb8 Rxb8 12. bxc3 Rc8 13. c4 Ba4 14. Bd3 Bc5 15. Bb2 0-0 16. f3 b6 17. Bc3 Rfd8 18. Ke2 e5 19. Be1 Rc7 20. Rd1 g6 21. Bh4 Rdc8 22. Bf6 Rc6 23. Bg5 f5 24. Kf1 Re6 25. Re1 Rce8 26. c3 e4 27. Bb1 Bb3 28. Be3 exf3 0-1

[Event "Budapest Novotel-C"]
[Site "Budapest"]
[Date "2004.08.25"]
[Round "7"]
[White "Werner, Dimo"]
[Black "Zigangirova, Sofya"]
[Result "1-0"]
[WhiteElo "2314"]
[BlackElo "2278"]
[PlyCount "49"]
[EventDate "2004.08.19"]
[EventType "tourn"]
[EventRounds "9"]
[EventCountry "HUN"]
[EventCategory "3"]
[SourceTitle "EXT 2005"]
[Source "ChessBase"]
[SourceDate "2004.11.15"]
[SourceVersion "1"]
[SourceVersionDate "2004.11.15"]
[SourceQuality "1"]

1. g3 c5 2. Bg2 g6 3. c3 Bg7 4. d4 Qc7 5. d5 d6 6. a4 c4 7. Na3 b6 8. Nf3 Ba6 9. Nd4 Bb7 10. a5 Nf6 11. axb6 axb6 12. Nab5 Qc8 13. Rxa8 Bxa8 14. Qa4 Nbd7 15. Qxa8 Qxa8 16. Nc7+ Kd8 17. Nxa8 Kc8 18. Nb5 Ne8 19. Bg5 f6 20. Bh3 f5 21. 0-0 Kb8 22. Ra1 Nef6 23. Nac7 Rc8 24. Ne6 Bh8 25. Bg2 1-0

[Event "Budapest Novotel-C"]
[Site "Budapest"]
[Date "2004.08.20"]
[Round "2"]
[White "Galyas, Miklos"]
[Black "Zigangirova, Sofya"]
[Result "1-0"]
[WhiteElo "2440"]
[BlackElo "2278"]
[PlyCount "79"]
[EventDate "2004.08.19"]
[EventType "tourn"]
[EventRounds "9"]
[EventCountry "HUN"]
[EventCategory "3"]
[SourceTitle "EXT 2005"]
[Source "ChessBase"]
[SourceDate "2004.11.15"]
[SourceVersion "1"]
[SourceVersionDate "2004.11.15"]
[SourceQuality "1"]

1. c4 c5 2. g3 g6 3. Bg2 Bg7 4. Nc3 Nc6 5. a3 a5 6. Nf3 e5 7. 0-0 Nge7 8. Ne1 d6 9. Nc2 Be6 10. d3 d5 11. cxd5 Nxd5 12. Ne4 b6 13. Ng5 Bc8 14. Ne3 Nde7 15. f4 Ra7 16. f5 f6 17. Qb3 Rf8 18. Ne6 Bxe6 19. Bxc6+ Bd7 20. Bxd7+ Rxd7 21. Qa4 Rf7 22. b4 cxb4 23. axb4 axb4 24. Qxb4 g5 25. Qe4 Nd5 26. Nxd5 Rxd5 27. Be3 Rfd7 28. Ra6 b5 29. Rfa1 Kf7 30. Qf3 Bf8 31. Ra8 Qe7 32. h4 gxh4 33. gxh4 Kg8 34. Kh1 Rd8 35. Bh6 Qf7 36. R1a7 Bxh6 37. Rxf7 Kxf7 38. Ra7+ Kg8 39. Qh5 Bg7 40. Qf7+ 1-0

[Event "Budapest FS08 IM"]
[Site "Budapest"]
[Date "2004.08.19"]
[Round "13"]
[White "Naes, Flovin Tor"]
[Black "Zigangirova, Sofya"]
[Result "1-0"]
[WhiteElo "2269"]
[BlackElo "2278"]
[PlyCount "61"]
[EventDate "2004.08.07"]
[EventType "tourn"]
[EventRounds "13"]
[EventCountry "HUN"]
[EventCategory "2"]
[SourceTitle "EXT 2005"]
[Source "ChessBase"]
[SourceDate "2004.11.15"]
[SourceVersion "1"]
[SourceVersionDate "2004.11.15"]
[SourceQuality "1"]

1. d4 Nf6 2. Bg5 e6 3. e4 h6 4. Bxf6 Qxf6 5. Nc3 Bb4 6. Qd2 d6 7. 0-0-0 e5 8. dxe5 dxe5 9. a3 Bxc3 10. Qxc3 0-0 11. Qxc7 Qxf2 12. Nf3 Nc6 13. Rd2 Qc5 14. Qd6 Qe3 15. Bc4 Rd8 16. Qg6 Qf4 17. Kb1 Rf8 18. Rd3 Re8 19. Rd6 Be6 20. Rxe6 fxe6 21. Bxe6+ Kf8 22. Rf1 Ke7 23. Nd2 Qxd2 24. Qxg7+ Kd8 25. Qxb7 Rb8 26. Qxc6 Qd4 27. b3 a5 28. Rf7 Rxe6 29. Qxe6 Qd1+ 30. Kb2 Qd4+ 31. Ka2 1-0

[Event "Budapest FS08 IM"]
[Site "Budapest"]
[Date "2004.08.15"]
[Round "9"]
[White "Zigangirova, Sofya"]
[Black "Eperjesi, Laszlo"]
[Result "1/2-1/2"]
[WhiteElo "2278"]
[BlackElo "2310"]
[PlyCount "60"]
[EventDate "2004.08.07"]
[EventType "tourn"]
[EventRounds "13"]
[EventCountry "HUN"]
[EventCategory "2"]
[SourceTitle "EXT 2005"]
[Source "ChessBase"]
[SourceDate "2004.11.15"]
[SourceVersion "1"]
[SourceVersionDate "2004.11.15"]
[SourceQuality "1"]

1. e4 c6 2. d4 d5 3. e5 Bf5 4. Nc3 e6 5. g4 Bg6 6. Nge2 f6 7. Nf4 Bf7 8. Nd3 Nd7 9. exf6 gxf6 10. g5 Qb6 11. Qg4 0-0-0 12. Be3 f5 13. Qg3 Bg7 14. 0-0-0 Bxd4 15. Bxd4 Qxd4 16. Bh3 Qg7 17. Rhe1 Ne7 18. Bg2 h6 19. h4 hxg5 20. hxg5 Ng6 21. f4 Rde8 22. Bh3 Rh4 23. Ne2 Reh8 24. Nf2 c5 25. Rh1 Kb8 26. Kb1 Nb6 27. c3 Be8 28. Qe3 Qe7 29. Nd3 Nc4 30. Qg3 Bc6 1/2-1/2

[Event "Budapest FS08 IM"]
[Site "Budapest"]
[Date "2004.08.12"]
[Round "6"]
[White "Alfred, Nathan"]
[Black "Zigangirova, Sofya"]
[Result "0-1"]
[WhiteElo "2349"]
[BlackElo "2278"]
[PlyCount "114"]
[EventDate "2004.08.07"]
[EventType "tourn"]
[EventRounds "13"]
[EventCountry "HUN"]
[EventCategory "2"]
[SourceTitle "EXT 2005"]
[Source "ChessBase"]
[SourceDate "2004.11.15"]
[SourceVersion "1"]
[SourceVersionDate "2004.11.15"]
[SourceQuality "1"]

1. d4 Nf6 2. Nf3 c5 3. d5 b5 4. Bg5 d6 5. Bxf6 exf6 6. e3 a6 7. Be2 g6 8. 0-0 Bg7 9. a4 b4 10. Nbd2 f5 11. Nc4 a5 12. Qd2 0-0 13. Rad1 Qc7 14. Ng5 Ba6 15. b3 Bc3 16. Qc1 Qe7 17. Nh3 Nd7 18. Bd3 Bb7 19. Nf4 Nf6 20. Nb6 Rad8 21. Bb5 Ne4 22. Nc4 Qc7 23. f3 Nf6 24. Rd3 Nd7 25. Ne2 Bg7 26. Rfd1 Ne5 27. Nxe5 Bxe5 28. Qd2 Bc8 29. f4 Bf6 30. c4 Bd7 31. Ng3 Rde8 32. Qc2 Re7 33. Nf1 Rfe8 34. g3 Kg7 35. Qf2 Bxb5 36. axb5 a4 37. bxa4 Ra8 38. g4 fxg4 39. Qg2 Rxa4 40. Qxg4 b3 41. Ng3 Kh8 42. e4 Bd4+ 43. Kg2 Ra2+ 44. Kh3 f6 45. Rf1 Qd7 46. f5 g5 47. Rfd1 Be5 48. Nf1 h5 49. Qg1 Bf4 50. Nd2 Rxe4 51. Ra1 Qxf5+ 52. Kg2 Re2+ 53. Kh1 Rxa1 54. Qxa1 Rxh2+ 55. Kg1 Qg4+ 56. Kf1 Qe2+ 57. Kg1 Qg2# 0-1

[Event "Budapest Spring op 20th"]
[Site "Budapest"]
[Date "2004.03.24"]
[Round "6"]
[White "Harmatosi, Jozsef"]
[Black "Zigangirova, Sofya"]
[Result "0-1"]
[WhiteElo "2313"]
[BlackElo "2205"]
[PlyCount "64"]
[EventDate "2004.03.18"]
[EventType "swiss"]
[EventRounds "9"]
[EventCountry "HUN"]
[SourceTitle "EXT 2005"]
[Source "ChessBase"]
[SourceDate "2004.11.15"]
[SourceVersion "1"]
[SourceVersionDate "2004.11.15"]
[SourceQuality "1"]

1. d4 Nf6 2. Bg5 e6 3. e4 h6 4. Bxf6 Qxf6 5. Nf3 d6 6. Nc3 Nd7 7. Qd2 c6 8. 0-0-0 e5 9. d5 Be7 10. Qe3 0-0 11. g3 Nb6 12. Nd2 cxd5 13. Nxd5 Nxd5 14. exd5 Bd8 15. Ne4 Qe7 16. Qa3 Bc7 17. f3 f5 18. Nc3 Bd7 19. Bb5 a6 20. Bxd7 Qxd7 21. h3 Bb6 22. Ne2 Rac8 23. Qb3 Ba7 24. Rd3 b5 25. g4 a5 26. gxf5 Rc4 27. a3 a4 28. Qa2 Rfc8 29. Nc3 Qxf5 30. Kb1 Bd4 31. Nxb5 Rxc2 32. Nxd4 exd4 0-1

[Event "Budapest FS03 IM"]
[Site "Budapest"]
[Date "2004.03.08"]
[Round "3"]
[White "Zigangirova, Sofya"]
[Black "Kahn, Evarth"]
[Result "0-1"]
[WhiteElo "2205"]
[BlackElo "2292"]
[PlyCount "96"]
[EventDate "2004.03.06"]
[EventType "tourn"]
[EventRounds "9"]
[EventCountry "HUN"]
[EventCategory "2"]
[SourceTitle "CBM 099 Extra"]
[Source "ChessBase"]
[SourceDate "2004.05.04"]
[SourceVersion "1"]
[SourceVersionDate "2004.05.04"]
[SourceQuality "1"]

1. e4 c5 2. Nf3 d6 3. d4 cxd4 4. Nxd4 Nf6 5. Nc3 g6 6. Be3 Bg7 7. f3 0-0 8. Qd2 Nc6 9. 0-0-0 Qa5 10. Kb1 Rd8 11. g4 Nxd4 12. Bxd4 Be6 13. h4 Rdc8 14. a3 Rab8 15. Bxf6 Bxf6 16. Nd5 Qxd2 17. Nxf6+ Kg7 18. Rxd2 Kxf6 19. Be2 Ke5 20. h5 g5 21. h6 Rc5 22. Bd3 b5 23. Rf2 Bc4 24. b4 Rc7 25. f4+ gxf4 26. Rh5+ Kd4 27. Bxc4 bxc4 28. Rxf4 e5 29. Rf6 Rd7 30. Rhf5 Rbb7 31. Rg5 a5 32. Rg7 axb4 33. a4 b3 34. Rxh7 bxc2+ 35. Kxc2 c3 36. Rg7 d5 37. a5 Rb2+ 38. Kc1 Rh2 39. h7 Kxe4 40. g5 d4 41. Rh6 Rxh6 42. gxh6 d3 43. Rg1 Rd8 44. Kd1 Rb8 45. Kc1 Ra8 46. Rg8 Rxa5 47. Kb1 c2+ 48. Kb2 Rb5+ 0-1

[Event "Budapest FS03 IM"]
[Site "Budapest"]
[Date "2004.03.06"]
[Round "1"]
[White "Zigangirova, Sofya"]
[Black "Cernousek, Lukas"]
[Result "1/2-1/2"]
[WhiteElo "2205"]
[BlackElo "2375"]
[PlyCount "140"]
[EventDate "2004.03.06"]
[EventType "tourn"]
[EventRounds "9"]
[EventCountry "HUN"]
[EventCategory "2"]
[SourceTitle "CBM 099 Extra"]
[Source "ChessBase"]
[SourceDate "2004.05.04"]
[SourceVersion "1"]
[SourceVersionDate "2004.05.04"]
[SourceQuality "1"]

1. e4 c5 2. Nf3 d6 3. d4 Nf6 4. Nc3 cxd4 5. Nxd4 g6 6. Bc4 Bg7 7. 0-0 0-0 8. Re1 b6 9. Nd5 Bb7 10. a4 Nbd7 11. Nb5 Rc8 12. Bf1 a6 13. Nbc3 e6 14. Nxf6+ Nxf6 15. Ra3 Qc7 16. Bf4 Rfd8 17. Bd3 Nd7 18. Qd2 Ne5 19. Rb3 Nd7 20. Bh6 Nc5 21. Ra3 Bh8 22. Qf4 d5 23. exd5 Nxd3 24. cxd3 Bxd5 25. Qh4 f5 26. Bg5 Rd7 27. Bf6 Rf8 28. Bxh8 Kxh8 29. Qb4 Re8 30. Nxd5 Rxd5 31. Rc3 Qd6 32. Qxd6 Rxd6 33. Kf1 Kg7 34. Ke2 Kf6 35. Rec1 Red8 36. R1c2 Rd5 37. Rc6 Rxd3 38. Rxb6 R3d4 39. f3 Rxa4 40. Rcc6 Rad4 41. Rxe6+ Kg5 42. Kf2 a5 43. Rb7 Rd2+ 44. Kg3 f4+ 45. Kh3 Kf5 46. Ra6 R8d5 47. Rba7 Rxb2 48. Rxa5 Rxa5 49. Rxa5+ Kf6 50. Ra6+ Kg5 51. Ra5+ Kh6 52. Ra4 g5 53. Ra6+ Kh5 54. g4+ fxg3 55. hxg3 g4+ 56. fxg4+ Kg5 57. Ra5+ Kg6 58. g5 h5 59. gxh6 Kxh6 60. Kh4 Rb4+ 61. g4 Rb6 62. Ra3 Rc6 63. Rf3 Ra6 64. g5+ Kg6 65. Rf6+ Rxf6 66. gxf6 Kf7 67. Kg5 Kf8 68. Kg6 Kg8 69. f7+ Kf8 70. Kh7 Kxf7 1/2-1/2

[Event "St Petersburg (Women)"]
[Site "St Petersburg"]
[Date "2003.??.??"]
[Round "8"]
[White "Dushenok, Anna"]
[Black "Zigangirova, Sofya"]
[Result "1-0"]
[WhiteElo "2190"]
[BlackElo "2238"]
[PlyCount "77"]
[EventDate "2003.??.??"]
[EventType "tourn"]
[EventRounds "9"]
[EventCountry "RUS"]
[EventCategory "1"]
[SourceTitle "EXT 2005"]
[Source "ChessBase"]
[SourceDate "2004.11.15"]
[SourceVersion "1"]
[SourceVersionDate "2004.11.15"]
[SourceQuality "1"]

1. c4 c5 2. g3 g6 3. Bg2 Bg7 4. e3 Nf6 5. Nc3 e6 6. Nge2 0-0 7. 0-0 Nc6 8. d4 cxd4 9. exd4 d5 10. b3 dxc4 11. bxc4 Na5 12. Ba3 Re8 13. c5 Nd5 14. Nxd5 exd5 15. Nf4 Bf5 16. Bb2 Be6 17. Nxe6 Rxe6 18. Qf3 Nc6 19. Rad1 Ne7 20. Qb3 Rb8 21. Bc1 Qd7 22. Bf4 Re8 23. Bd6 Re2 24. Bf3 Re6 25. Bxe7 R6xe7 26. Bxd5 Rd8 27. Bg2 Bxd4 28. Qc4 Qg4 29. Bd5 Rxd5 30. Qxd5 Rd7 31. Qb3 Bxc5 32. Rxd7 Qxd7 33. Rd1 Qf5 34. Rd8+ Kg7 35. Qb2+ Kh6 36. Qd2+ Kg7 37. Qb2+ Kh6 38. Rg8 Qf3 39. Qc1+ 1-0